| 000 | 00690nam a2200217 4500 | ||
|---|---|---|---|
| 003 | OSt | ||
| 005 | 20240724071049.0 | ||
| 006 | a | ||
| 008 | 240703b |||||||| |||| 00| 0 eng d | ||
| 020 | _a9710868500 | ||
| 040 |
_aDWCL-Main lib. _cOC |
||
| 082 | _aFil. 499.211 S617 2007 | ||
| 110 | _aJosa A. Arrogante | ||
| 245 | _aSining ng komunikasyon sa akademikong Filipino / | ||
| 260 |
_aMandaluyong City : _bNational Book Store, _cc2007. |
||
| 300 |
_axxi, _b425 p. : ill. ; _c22 cm. |
||
| 504 | _aIncludes bibliographical references and index. | ||
| 650 | _a1. Filipino language-Study and teaching. | ||
| 650 | _a2. Language arts-Philippines. | ||
| 942 |
_2ddc _n0 _cBK - FIL _kFil. |
||
| 999 |
_c1895 _d1895 |
||